000
00317nam a22001217a 4500
008
181002b xxu||||| |||| 00| 0 eng d
041
_a
eng
080
_a
159.9
100
_a
48
101
_a
PSI
245
_a
Century Psychology Child Development Reading In Expiremental Analysis
_c
Bijou.s.w
942
_2
udc
_c
BK
999
_c
48767
_d
48767